000
00231 a2200085 4500
020
_a
9788119510115
100
_a
Bahga, Surinder
245
_a
Form follows roots Architecture for India 1985-2021
260
_b
White Falcon Publishing
_c
2023
999
_c
12506
_d
12506